Prawda czy fałsz - Tomasz Fornal - Statystyki

Ogólne statystyki
  • Ten quiz został rozwiązany 201 razy
  • Średni wynik to 12 z 19
Statystyki odpowiedzi
Zagadnienie Odpowiedź % Poprawnych
Jego numer w klubie to 12 Fałsz
91%
Urodził się 31 sierpnia 1997 w Krakowie Prawda
88%
Jego aktualny klub to Jastrzębski Węgiel Prawda
84%
Imiona jego rodziców to: Marek i Dorota Prawda
83%
Został najlepszym przyjmującym PlusLigi 2023/24 Prawda
83%
W 2024 na Memoriale Huberta Jerzego Wagnera został najlepszym przyjmującym Prawda
77%
Gra na pozycji rozgrywającego Fałsz
75%
Jest leworęczny Fałsz
75%
Jego wzrost to 203 cm Fałsz
73%
W styczniu 2024 roku włączył się w akcję charytatywną podczas 32. finale Wielkiej Orkiestry Świątecznej Pomocy Prawda
71%
Zasięg z wyskoku do ataku: 360 Prawda
70%
W 2023 i 2024 roku zdobył srebrny medal Ligi Mistrzów Prawda
66%
Najwięcej asów (6) zdobył w meczu Cerrad Czarni Radom vs ONICO Warszawa Prawda
56%
Najwyższa liczba bloków w meczu: 7 Fałsz
48%
W ranking siatkarzy w 2024 roku zajmuje 8 miejsce Fałsz
45%
W 2019 roku został Reprezentantem Polski Fałsz
41%
Swoją przygodę z siatkówką rozpoczął w Hutnik Dobry Wynik Kraków Fałsz
32%
Podczas Gali Polskiej Ligi Siatkówki 2022 został Siatkarzem Sezonu 2021/2022 PlusLigi Fałsz
26%
Od października 2023 roku jest związany z Sylwią Gaczorek Fałsz
24%
Nie znaleziono quizów pasujących do podanych kryteriów
Rozkład punktacji
Procent ludzi z każdym wynikiem
Percentyl według liczby udzielonych odpowiedzi
Twoja historia wyników
Nie rozwiązałeś tego quizu